INTEGROVANÉ OCHRANNÉ DOZORNÉ A RIADIACE SYSTÉMY PRE ENERGETICKÉ SIETE.

Gespeichert in:
Bibliographische Detailangaben
Körperschaft: CONTINENTALE EQUIPEMENTS ELECTRIQUES, S.A. (MEAUX )
Format: Buch
Sprache:Englisch
Veröffentlicht: [S.l.] : [s.n.] 2001
Online-Zugang: Volltext
Tags: Tag hinzufügen
Keine Tags, Fügen Sie den ersten Tag hinzu!

MARC

LEADER 00000nam a2200000 4500
003 SK-BrCVT
005 20220617234735.0
008 010103s2001 fr e ||||||eng d
035 |a CVTIDW1302829 
040 |b slo  |a CVTI SR  |e AACR2 
041 0 |a eng 
044 |a fr 
080 |a 621.316  |2 UDC-MRF 
080 |a 004.38  |2 UDC-MRF 
080 |a 681.52  |2 UDC-MRF 
110 2 |a CONTINENTALE EQUIPEMENTS ELECTRIQUES, S.A. (MEAUX ) 
245 1 0 |a INTEGROVANÉ OCHRANNÉ DOZORNÉ A RIADIACE SYSTÉMY PRE ENERGETICKÉ SIETE. 
260 |c 2001  |a [S.l.] :  |b [s.n.] 
300 |a 6 s. 
692 |a AR 
910 |b F008578 
959 |a 4507 
959 |a 5101 
959 |a 5001 
974 |f Firemná literatúra 
992 |a FFP 
999 |c 173358  |d 173358